Normal view MARC view
  • México

Entry Nombre Geográfico

Number of records used in: 7

001 - NÚMERO DE CONTROL

  • campo de control: 9248

003 - IDENTIFICADOR DE NUMERO DE CONTROL

  • campo de control: MX-MxUPN

005 - FECHA Y HORA DE LA ÜLTIMA TRANSACCIÓN

  • campo de control: 20230922104940.0

008 - DATOS DE LONGITUD FIJA

  • campo de control de longitud fija: 230922nn fnnnnbabc n ana |d

035 ## - NÚMERO DE CONTROL

  • Número de control: UPN10000009254

040 ## - FUENTE DE CATALOGACIÓN

  • Lenguaje de catalogación: spa
  • Agencia de catalogación original: MX-MxUPN

151 ## - ENCABEZAMIENTO - NOMBRE GEOGRÁFICO

  • Nombre geográfico: México
  • Subdivisión general : Condiciones económicas
  • Subdivisión cronológica : Siglo XXI

670 ## - FUENTE EN LA QUE SE LOCALIZARON DATOS

  • Cita de la fuente: LC Subject Headings, 22 septiembre 2023 :
  • Información localizada: página M-321 (Mexico - Economic conditions - 20th century)

670 ## - FUENTE EN LA QUE SE LOCALIZARON DATOS

  • Cita de la fuente: Autoridades BGTQ, 22 septiembre :
  • Información localizada: subdivisión cronológica (Siglo XXI)

902 ## - CATALOGADOR

  • Catalogador: MCM/090408
  • Catalogador: VíctorGodínez/220923